Statistics for Undertale General Knowledge #3

Click here to take the quiz!

General Stats

  • This quiz has been taken 126 times
  • The average score is 11 of 15

Answer Stats

HintAnswer% Correct
Nyeh heh heh!Papyrus
94%
Toriel's biological childAsriel
91%
Howdy! I'm ________Flowey
90%
Sans main themesans.
90%
Mettaton's cousinNapstablook
88%
Fishy HeroineUndyne
85%
Papyrus's boss themeBonetrousle
81%
The True DemonChara
79%
Yellow soulJustice
70%
Light blue soulPatience
65%
What Anime does Alphys watch?Mew mew kissy cutie
56%
Cat and alligatorCatty and Bratty
54%
How many endings are there?4
50%
In what route you meet asri-flowey?Genocide
50%
Can you remember his name?Heats Flamesman
33%

Score Distribution

Percentile by Number Answered

Percent of People with Each Score

Your Score History

You have not taken this quiz